|
|
|
|
| LEADER |
00000nam a2200000 4500 |
| 008 |
160418b2007 c a|||| |||| 00| | spa d |
| 020 |
|
|
|a 9789567106509
|
| 090 |
|
|
|a 06.03.06 2177
|b CD#248
|
| 110 |
2 |
|
|9 1451
|a Centro Interuniversitario de Desarrollo-
|b CINDA
|
| 245 |
1 |
0 |
|a Educación superior en Iberoamérica: informe 2007 /
|
| 260 |
|
|
|a Santiago, Chile :
|b CINDA,
|c 2007
|
| 300 |
|
|
|a 319 páginas;
|b ilustraciones (algunas a color);
|e + 1 disco óptico de computadora
|
| 650 |
1 |
4 |
|9 8
|a EDUCACIÓN SUPERIOR
|
| 650 |
1 |
4 |
|9 11
|a CALIDAD DE LA EDUCACIÓN
|
| 650 |
1 |
4 |
|9 16
|a UNIVERSIDADES
|
| 650 |
1 |
4 |
|9 287
|a EVALUACIÓN
|
| 650 |
1 |
4 |
|9 163
|a INVESTIGACIÓN
|
| 650 |
1 |
4 |
|9 451
|a POLÍTICA EDUCATIVA
|
| 651 |
|
4 |
|9 273
|a AMÉRICA LATINA
|
| 651 |
|
4 |
|9 1504
|a ESPAÑA
|
| 651 |
|
4 |
|9 1551
|a PORTUGAL
|
| 942 |
|
|
|i 003835 ,003834
|h 06.03.06 2177 CD#248
|2 z
|c 01
|
| 999 |
|
|
|c 3110
|d 3110
|